| 000 | 00664nam a22001817a 4500 | ||
|---|---|---|---|
| 003 | OSt | ||
| 005 | 20240613144208.0 | ||
| 008 | 240613b ||||| |||| 00| 0 eng d | ||
| 040 | _cAIMIT LIBRARY | ||
| 100 |
_aMathew, Anusha Mary. _e2116024 _9170611 |
||
| 245 |
_aWork- life balance in health care sector at Indiana Hospital / _cBy Anusha Mary Mathew ; Guided by Beena Dias. |
||
| 260 |
_aMangalore _c2023 |
||
| 650 |
_aConceptual framework _9170612 |
||
| 650 |
_aSocio demographic profile of the respondent _9170613 |
||
| 700 |
_aDias, Beena. _eGuide _9170614 |
||
| 856 |
_3Indiana Hospital and Heart Institute Limited _ywww.indianahospital.in |
||
| 942 |
_2ddc _cPRO |
||
| 999 |
_c231160 _d231160 |
||